| 000 | 01159cam a22003257a 4500 | ||
|---|---|---|---|
| 003 | CHAP | ||
| 005 | 20220329142052.0 | ||
| 008 | 990521d1998 mx ab r 00110 spa d | ||
| 010 | _a77918 | ||
| 011 | _a78890 | ||
| 035 | _a88992 | ||
| 040 | _cCHAP | ||
| 090 | _aTesis | ||
| 100 | 0 | 0 |
_aCarlín Castelán, Fernando. _918986 |
| 245 | 1 | 0 |
_aSistemas hortícolas en minifundios irrigados del altiplano potosino _c/ por Fernando Carlín Castelán |
| 260 |
_aSan Luis Potosí, S.L.P. : _bEl autor, _c1998. |
||
| 300 |
_a137 h. : _bilus. ; mapas ; cuadros |
||
| 502 | _aTesis (Ing. Agroecólogo) -- Universidad Autónoma de San Luis Potosí. Facultad de Agronomía | ||
| 590 |
_aALEPH _b10 _c20130110 _lUCH01 _h1429 |
||
| 590 |
_aBATCH-UPD _b10 _c20130110 _lUCH01 _h0642 |
||
| 590 |
_aBATCH-UPD _b10 _c20130410 _lUCH01 _h0327 |
||
| 590 |
_aBATCH-UPD _b10 _c20130914 _lUCH01 _h0845 |
||
| 590 |
_aCONVERSION _b10 _c20130109 _lUCH01 _h1343 |
||
| 650 | 1 | 4 |
_aHorticultura _zSan Luis Potosí. _956381 |
| 650 | 1 | 4 |
_aIrrigación _zSan Luis Potosí. _960507 |
| 901 | _aBK | ||
| 905 | _aBlanca M. García O. | ||
| 942 | _cTESIS | ||
| 949 |
_bBC _cTES _d889921 _eTS1 _h33977 _i88992 _sb |
||
| 999 |
_c77918 _d77918 |
||